[Event "World Corporate East D"]
[Site "Chess.com INT"]
[Date "2021.02.19"]
[Round "2.1"]
[White "Tambini, Jasper"]
[Black "Kretov, Evgenij"]
[Result "0-1"]
[WhiteElo "2040"]
[BlackElo "2269"]
[PlyCount "120"]
[EventDate "2021.02.19"]
[EventType "team (rapid)"]
[EventRounds "7"]
[EventCountry "USA"]
[SourceTitle "EXT 2022"]
[Source "ChessBase"]
[SourceDate "2021.10.06"]
[SourceVersion "1"]
[SourceVersionDate "2021.10.06"]
[SourceQuality "1"]
[WhiteTeam "Kindred"]
[BlackTeam "Sberbank Trade Union"]
[WhiteTeamCountry "ENG"]
[BlackTeamCountry "RUS"]

1. e4 c5 2. Nc3 Nc6 3. f4 g6 4. Nf3 Bg7 5. Bb5 Nd4 6. 0-0 Nxb5 7. Nxb5 d6 8. Nc3 e6 9. d3 Ne7 10. Be3 0-0 11. e5 b6 12. Ne4 Nf5 13. Bf2 d5 14. Ng3 d4 15. Nxf5 exf5 16. Bh4 Qd5 17. Qe1 Bb7 18. Qg3 Rfe8 19. Rae1 b5 20. Bf6 h6 21. Nh4 Qe6 22. Bxg7 Kxg7 23. b3 a5 24. Nf3 a4 25. Ra1 Ra6 26. h4 Kh7 27. Qf2 Rd8 28. Rac1 Qd5 29. c4 dxc3 30. Rxc3 Rc8 31. Rfc1 axb3 32. axb3 Rac6 33. Qc2 b4 34. Rc4 Ba6 35. d4 Bxc4 36. bxc4 Qe4 37. d5 Ra6 38. Qxe4 fxe4 39. Nd2 e3 40. Ne4 b3 41. Rb1 Rb6 42. Rb2 Rb4 43. Nd6 Ra8 44. e6 fxe6 45. dxe6 Rb6 46. Ne4 Rxe6 47. Nxc5 e2 48. Nd3 e1Q+ 49. Nxe1 Rxe1+ 50. Kf2 Rc1 51. Rxb3 Rxc4 52. Rb7+ Kg8 53. Kg3 Rf8 54. Rb6 Kg7 55. Rb7+ Rf7 56. Rb6 Rcxf4 57. Kh3 h5 58. g3 Rf3 59. Rb5 Re7 60. Rg5 Rf5 0-1

[Event "Basingstoke 4NCL Spring Bank 2nd"]
[Site "Basingstoke"]
[Date "2019.05.25"]
[Round "3"]
[White "Tambini, Jasper"]
[Black "Jamroz, Krzysztof"]
[Result "1-0"]
[WhiteElo "2066"]
[BlackElo "1971"]
[PlyCount "93"]
[EventDate "2019.05.24"]
[EventType "swiss"]
[EventRounds "7"]
[EventCountry "ENG"]
[SourceTitle "CBM 190 Extra"]
[Source "ChessBase"]
[SourceDate "2019.07.15"]
[SourceVersion "1"]
[SourceVersionDate "2019.07.15"]
[SourceQuality "1"]

1. e4 c5 2. Nc3 e6 3. f4 d5 4. Nf3 dxe4 5. Nxe4 Nc6 6. g3 Nf6 7. Qe2 Be7 8. Bg2 0-0 9. d3 Qc7 10. 0-0 Rd8 11. c3 b6 12. Ne5 Bb7 13. Nxf7 Rf8 14. Nfg5 Nd8 15. Nxf6+ Rxf6 16. Bxb7 Qxb7 17. Qe4 Qxe4 18. dxe4 h6 19. Nf3 Nc6 20. Be3 Rff8 21. Rad1 Rad8 22. Kf2 g5 23. Ke2 g4 24. Ne1 Kh7 25. Nc2 Na5 26. Na3 Bd6 27. b3 Bb8 28. Rxd8 Rxd8 29. h3 gxh3 30. Rh1 h5 31. Rxh3 Kg6 32. Nb1 Nb7 33. e5 Na5 34. Nd2 Nc6 35. Ne4 Ne7 36. Nf6 Nd5 37. Ne4 Re8 38. c4 Nb4 39. Nf6 Rd8 40. Rxh5 Nxa2 41. g4 Nc3+ 42. Kf3 Rd3 43. f5+ exf5 44. gxf5+ Kf7 45. Rh7+ Kf8 46. e6 Bd6 47. Rf7# 1-0

[Event "BCF-ch Week1 AM op"]
[Site "Coventry"]
[Date "2015.07.29"]
[Round "3"]
[White "Kett, Timothy"]
[Black "Tambini, Jasper"]
[Result "1-0"]
[WhiteElo "2219"]
[BlackElo "2066"]
[PlyCount "99"]
[EventDate "2015.07.27"]
[EventType "swiss"]
[EventRounds "5"]
[EventCountry "ENG"]
[SourceTitle "EXT 2016"]
[Source "ChessBase"]
[SourceDate "2015.10.08"]
[SourceVersion "1"]
[SourceVersionDate "2015.10.08"]
[SourceQuality "1"]

1. e4 e5 2. f4 exf4 3. Nf3 g5 4. Nc3 Bg7 5. d4 d6 6. g3 g4 7. Nh4 f3 8. Be3 Nf6 9. Qd2 d5 10. 0-0-0 Nxe4 11. Nxe4 dxe4 12. Bc4 Nc6 13. Rhe1 0-0 14. c3 Kh8 15. Bf4 Na5 16. Bf1 f5 17. b4 Nc6 18. Bc4 a5 19. b5 Ne7 20. h3 Nd5 21. hxg4 e3 22. Bxe3 f4 23. gxf4 Bxg4 24. Rh1 Bh5 25. Rdg1 Bh6 26. Nxf3 Nxe3 27. Qxe3 Bxf4 28. Rg8+ Rxg8 29. Qxf4 Bxf3 30. Qxf3 Qg5+ 31. Kb1 Raf8 32. Qe4 Qg6 33. Bd3 Qxe4 34. Bxe4 Rg7 35. Bxb7 Rf2 36. Be4 Re7 37. Bc2 Kg8 38. c4 h5 39. c5 h4 40. d5 Ree2 41. Bb3 Rb2+ 42. Ka1 Kf8 43. d6 cxd6 44. b6 Rbe2 45. b7 Re8 46. c6 Kg7 47. c7 Rff8 48. Be6 Rb8 49. c8Q Rfxc8 50. bxc8Q 1-0

[Event "BCF-ch Week1 PM op"]
[Site "Coventry"]
[Date "2015.07.29"]
[Round "3"]
[White "Tambini, Jasper"]
[Black "Crocker, Philip J"]
[Result "1/2-1/2"]
[WhiteElo "2066"]
[BlackElo "2216"]
[PlyCount "104"]
[EventDate "2015.07.27"]
[EventType "swiss"]
[EventRounds "5"]
[EventCountry "ENG"]
[SourceTitle "EXT 2016"]
[Source "ChessBase"]
[SourceDate "2015.10.08"]
[SourceVersion "1"]
[SourceVersionDate "2015.10.08"]
[SourceQuality "1"]

1. e4 Nf6 2. e5 Nd5 3. d4 d6 4. Nf3 Bg4 5. Be2 c6 6. 0-0 Bxf3 7. Bxf3 dxe5 8. dxe5 e6 9. Qe2 Nd7 10. c4 Ne7 11. Bf4 Ng6 12. Bg3 Qa5 13. Re1 Bb4 14. Nc3 Bxc3 15. bxc3 Qxc3 16. h4 h6 17. h5 Ne7 18. Be4 Nc5 19. Rab1 0-0-0 20. Rbc1 Qd2 21. Bb1 Qxe2 22. Rxe2 Rd7 23. f3 b6 24. Bc2 Rhd8 25. Bh4 Rf8 26. g4 Nd3 27. Rd1 Nf4 28. Red2 Rfd8 29. Rd6 f6 30. Rxd7 Rxd7 31. Rxd7 Kxd7 32. exf6 gxf6 33. Bxf6 Nh3+ 34. Kh2 Ng8 35. Kxh3 Nxf6 36. f4 Ke7 37. Bg6 b5 38. cxb5 cxb5 39. g5 Nd5 40. Kg3 a5 41. Bd3 b4 42. Bc4 a4 43. f5 hxg5 44. fxe6 Nf6 45. h6 Kf8 46. Bb5 b3 47. Bc4 bxa2 48. Bxa2 Kg8 49. Bb1 a3 50. h7+ Kg7 51. e7 a2 52. Bxa2 Kxh7 1/2-1/2

[Event "BCF-ch Week1 AM op"]
[Site "Coventry"]
[Date "2015.07.27"]
[Round "1"]
[White "Klingher, Dominic"]
[Black "Tambini, Jasper"]
[Result "0-1"]
[WhiteElo "1869"]
[BlackElo "2066"]
[PlyCount "90"]
[EventDate "2015.07.27"]
[EventType "swiss"]
[EventRounds "5"]
[EventCountry "ENG"]
[SourceTitle "EXT 2016"]
[Source "ChessBase"]
[SourceDate "2015.10.08"]
[SourceVersion "1"]
[SourceVersionDate "2015.10.08"]
[SourceQuality "1"]

1. e4 Nc6 2. f4 e5 3. Nf3 exf4 4. Bc4 Nf6 5. Nc3 Bb4 6. d3 d5 7. exd5 Nxd5 8. 0-0 Nxc3 9. Qe1+ Qe7 10. bxc3 Bd6 11. Qxe7+ Kxe7 12. Ng5 Ne5 13. Rxf4 f6 14. Nf3 Nxc4 15. Rxc4 Be6 16. Re4 Kd7 17. c4 Bf5 18. Re1 Bc5+ 19. Kf1 h5 20. Bd2 h4 21. Re2 h3 22. d4 Be7 23. Rae1 Rae8 24. Bf4 c6 25. c5 g5 26. Bg3 Bd8 27. Rxe8 Rxe8 28. Rxe8 Kxe8 29. gxh3 Bxh3+ 30. Kf2 Bf5 31. Ne1 Ba5 32. Nd3 Bxd3 33. cxd3 Kd7 34. h4 gxh4 35. Bxh4 Ke6 36. Ke3 Kf5 37. a4 Bc3 38. Bg3 Kg4 39. Bc7 f5 40. Bd6 Bb2 41. Be5 Bc1+ 42. Ke2 Bf4 43. a5 a6 44. Bd6 Bg5 45. Bc7 f4 0-1

[Event "GBR-ch 101st"]
[Site "Aberystwyth"]
[Date "2014.07.28"]
[Round "9"]
[White "Tambini, Jasper"]
[Black "Villiers, Thomas"]
[Result "1-0"]
[WhiteElo "2047"]
[BlackElo "2068"]
[PlyCount "85"]
[EventDate "2014.07.19"]
[EventType "swiss"]
[EventRounds "11"]
[EventCountry "WLS"]
[SourceTitle "CBM 161 Extra"]
[Source "ChessBase"]
[SourceDate "2014.08.29"]
[SourceVersion "1"]
[SourceVersionDate "2014.08.29"]
[SourceQuality "1"]

1. e4 c6 2. d4 d5 3. Nc3 dxe4 4. Nxe4 Bf5 5. Ng3 Bg6 6. h4 h6 7. h5 Bh7 8. Nf3 Nd7 9. Bd3 Bxd3 10. Qxd3 e6 11. Bd2 Ngf6 12. 0-0-0 Qc7 13. Ne4 Nxe4 14. Qxe4 Nf6 15. Qe2 0-0-0 16. Kb1 Bd6 17. c4 Kb8 18. Bc3 Rhe8 19. Ne5 Qe7 20. g4 c5 21. f4 cxd4 22. Bxd4 Nd7 23. Qe3 Nxe5 24. fxe5 Bc7 25. Bxa7+ Kc8 26. Bc5 Rxd1+ 27. Rxd1 Qg5 28. Qxg5 hxg5 29. Rf1 Bxe5 30. Rxf7 Rd8 31. Rf8 Rxf8 32. Bxf8 Kd7 33. b4 b6 34. b5 Kd8 35. Kc2 Ke8 36. Bb4 Kf7 37. Kd3 Bf6 38. Ke4 Ke8 39. a4 Bd8 40. Bd6 Kd7 41. Be5 Bf6 42. Bxf6 gxf6 43. h6 1-0

[Event "GBR-ch 101st"]
[Site "Aberystwyth"]
[Date "2014.07.25"]
[Round "7"]
[White "Tambini, Jasper"]
[Black "Hill, Alistair"]
[Result "1/2-1/2"]
[WhiteElo "2047"]
[BlackElo "2126"]
[PlyCount "39"]
[EventDate "2014.07.19"]
[EventType "swiss"]
[EventRounds "11"]
[EventCountry "WLS"]
[SourceTitle "CBM 161 Extra"]
[Source "ChessBase"]
[SourceDate "2014.08.29"]
[SourceVersion "1"]
[SourceVersionDate "2014.08.29"]
[SourceQuality "1"]

1. e4 c5 2. Nc3 a6 3. a4 e6 4. f4 d5 5. Nf3 Nc6 6. d3 Nge7 7. Qe2 g6 8. g3 Bg7 9. Bg2 0-0 10. h4 dxe4 11. Nxe4 Nf5 12. c3 e5 13. 0-0 Re8 14. Qf2 Qxd3 15. Nxc5 Qd8 16. fxe5 Nxe5 17. Bf4 Ng4 18. Qd2 Qb6 19. b4 Be6 20. a5 1/2-1/2

[Event "BCF-chT2d 1314 (4NCL)"]
[Site "England"]
[Date "2014.05.04"]
[Round "10.86"]
[White "Tambini, Jasper"]
[Black "Burnett, Jim"]
[Result "1/2-1/2"]
[WhiteElo "2037"]
[BlackElo "2128"]
[PlyCount "97"]
[EventDate "2013.11.16"]
[EventType "team-tourn"]
[EventRounds "11"]
[EventCountry "ENG"]
[SourceTitle "EXT 2015"]
[Source "ChessBase"]
[SourceDate "2014.11.20"]
[SourceVersion "1"]
[SourceVersionDate "2014.11.20"]
[SourceQuality "1"]
[WhiteTeam "KJCA Kings"]
[BlackTeam "White Rose II"]
[WhiteTeamCountry "ENG"]
[BlackTeamCountry "ENG"]

1. e4 e6 2. d4 d5 3. e5 c5 4. c3 Nc6 5. Nf3 Bd7 6. a3 f6 7. Bd3 fxe5 8. Nxe5 Nxe5 9. dxe5 Ne7 10. c4 Qc7 11. Qe2 dxc4 12. Bxc4 Nc6 13. f4 Nd4 14. Qf2 0-0-0 15. 0-0 Be7 16. b4 Nf5 17. b5 g5 18. a4 gxf4 19. Bxf4 Rhg8 20. a5 Rg6 21. Nc3 Rdg8 22. g3 Qd8 23. Ne4 Nd4 24. Nd6+ Bxd6 25. exd6 Kb8 26. Bd3 Rf6 27. Qg2 Nxb5 28. a6 Bc6 29. Be4 Qd7 30. Bxc6 bxc6 31. Be5 Rf5 32. Rxf5 exf5 33. Rb1 Re8 34. Bf4 Re4 35. Qb2 Kc8 36. Qh8+ Re8 37. Qb2 Qf7 38. Rd1 Kd7 39. Bg5 Qg6 40. Be7 f4 41. Qg2 Rg8 42. Qh3+ Qg4 43. Qxg4+ Rxg4 44. Kg2 fxg3 45. hxg3 Ra4 46. Rh1 Nxd6 47. Rxh7 Ke6 48. Bxd6 Kxd6 49. Rxa7 1/2-1/2

[Event "GBR-ch 100th"]
[Site "Torquay"]
[Date "2013.08.08"]
[Round "10"]
[White "Gormally, Daniel"]
[Black "Tambini, Jasper"]
[Result "1-0"]
[WhiteElo "2496"]
[BlackElo "1979"]
[PlyCount "85"]
[EventDate "2013.07.29"]
[EventType "swiss"]
[EventRounds "11"]
[EventCountry "ENG"]
[SourceTitle "CBM 155 Extra"]
[Source "ChessBase"]
[SourceDate "2013.08.26"]
[SourceVersion "1"]
[SourceVersionDate "2013.08.26"]
[SourceQuality "1"]

1. d4 d5 2. Nf3 Nf6 3. c4 e6 4. g3 Be7 5. Bg2 0-0 6. Nc3 c6 7. 0-0 b6 8. Bf4 Bb7 9. Rc1 Nbd7 10. Nd2 Re8 11. cxd5 exd5 12. Nf3 Nf8 13. Ne5 Ng6 14. Qa4 Nxe5 15. dxe5 Nd7 16. Rfd1 Nc5 17. Qc2 Ne6 18. Bd2 f6 19. exf6 Bxf6 20. e3 Qe7 21. b4 a6 22. Na4 b5 23. Nb2 Rac8 24. Nd3 a5 25. a3 a4 26. Re1 Qd6 27. Rcd1 Rcd8 28. Bc1 Qc7 29. Bb2 Qf7 30. Rc1 Ng5 31. Bxf6 Qxf6 32. f4 Ne4 33. Bxe4 Rxe4 34. Ne5 Re8 35. Qc5 R4xe5 36. fxe5 Qxe5 37. Qd4 Qh5 38. e4 Qf3 39. exd5 Rxe1+ 40. Rxe1 Qxd5 41. Qxd5+ cxd5 42. Re7 Bc6 43. Rc7 1-0

[Event "BCF-chT3S 1213 (4NCL)"]
[Site "England"]
[Date "2012.11.04"]
[Round "2.175"]
[White "Healey, Michael W"]
[Black "Tambini, Jasper"]
[Result "1-0"]
[WhiteElo "2088"]
[BlackElo "1969"]
[PlyCount "57"]
[EventDate "2012.11.03"]
[EventType "team-swiss"]
[EventRounds "6"]
[EventCountry "ENG"]
[SourceTitle "EXT 2014"]
[Source "ChessBase"]
[SourceDate "2013.11.20"]
[SourceVersion "1"]
[SourceVersionDate "2013.11.20"]
[SourceQuality "1"]
[WhiteTeam "Oxford II"]
[BlackTeam "Southampton"]
[WhiteTeamCountry "ENG"]
[BlackTeamCountry "ENG"]

1. e4 Nc6 2. d4 e5 3. d5 Nce7 4. h4 f5 5. exf5 Nxf5 6. Bd3 d6 7. Qf3 Ngh6 8. Qe4 Be7 9. g4 Nxh4 10. Bb5+ Bd7 11. a4 0-0 12. Bd3 Ng6 13. Bxh6 gxh6 14. Rxh6 Be8 15. Nh3 Bg5 16. Rh5 Bf4 17. Nc3 c6 18. Ke2 cxd5 19. Nxd5 Bf7 20. Rh1 Qa5 21. Nf6+ Kg7 22. b4 Qd8 23. Rxh7+ Kxf6 24. Qf5+ Ke7 25. Qxg6 Qe8 26. Nxf4 exf4 27. Kd2 Kd8 28. Qxd6+ Qd7 29. Qxf8+ 1-0

[Event "GBR-ch 99th"]
[Site "North Shields"]
[Date "2012.07.30"]
[Round "7"]
[White "Jaunooby, Ali Reza"]
[Black "Tambini, Jasper"]
[Result "1-0"]
[WhiteElo "2165"]
[BlackElo "1958"]
[PlyCount "135"]
[EventDate "2012.07.23"]
[EventType "swiss"]
[EventRounds "11"]
[EventCountry "ENG"]
[SourceTitle "CBM 149 Extra"]
[Source "ChessBase"]
[SourceDate "2012.08.24"]
[SourceVersion "1"]
[SourceVersionDate "2012.08.24"]
[SourceQuality "1"]

1. d4 d5 2. Nf3 Nf6 3. Bg5 Nbd7 4. e3 h6 5. Bh4 e6 6. Nbd2 Be7 7. Bd3 0-0 8. Qe2 b6 9. e4 dxe4 10. Nxe4 Bb7 11. Ned2 c5 12. c3 Rb8 13. 0-0 Nd5 14. Bg3 Rc8 15. a3 cxd4 16. cxd4 N7f6 17. Ne5 Bd6 18. Rad1 Qc7 19. Ndc4 Bxe5 20. dxe5 Ne8 21. Nd2 Qc6 22. Ne4 f5 23. exf6 Nexf6 24. Rfe1 Rfe8 25. Bb5 Qc2 26. Nd6 Qxe2 27. Rxe2 Bc6 28. Nxe8 Nxe8 29. Rc2 Ne7 30. Ba6 Ra8 31. Rxc6 Nxc6 32. Bb7 Rd8 33. Rxd8 Nxd8 34. Ba6 Kf7 35. b4 Ke7 36. h4 Nd6 37. Be5 Nc6 38. Bxg7 b5 39. Bxh6 Nb8 40. Bg5+ Kd7 41. h5 Nxa6 42. h6 Nf7 43. h7 Nb8 44. Bf6 Nc6 45. g4 Ne7 46. h8Q Nxh8 47. Bxh8 Ng6 48. Bd4 a6 49. Kg2 e5 50. Be3 Ke6 51. Kg3 Kd5 52. g5 Ke4 53. Kg4 Nh8 54. Bc5 Ng6 55. f3+ Kd5 56. Kf5 Nf4 57. g6 Ne6 58. Bf8 Nd4+ 59. Kf6 Ne6 60. Bh6 Kd6 61. Bc1 Kd5 62. Bb2 Nf4 63. Bxe5 Nxg6 64. Kxg6 Kxe5 65. Kg5 Ke6 66. f4 Kf7 67. Kf5 Ke7 68. Kg6 1-0

[Event "GBR-ch 99th"]
[Site "North Shields"]
[Date "2012.07.26"]
[Round "4"]
[White "Tambini, Jasper"]
[Black "Burke, Mitchell R"]
[Result "1-0"]
[WhiteElo "1958"]
[BlackElo "1917"]
[PlyCount "91"]
[EventDate "2012.07.23"]
[EventType "swiss"]
[EventRounds "11"]
[EventCountry "ENG"]
[SourceTitle "CBM 149 Extra"]
[Source "ChessBase"]
[SourceDate "2012.08.24"]
[SourceVersion "1"]
[SourceVersionDate "2012.08.24"]
[SourceQuality "1"]

1. e4 c5 2. Nc3 Nc6 3. f4 g6 4. Nf3 Bg7 5. Bb5 Nd4 6. 0-0 Nxb5 7. Nxb5 d5 8. e5 Bg4 9. h3 Bxf3 10. Qxf3 a6 11. Nc3 e6 12. Ne2 Ne7 13. d4 cxd4 14. Nxd4 Nc6 15. Be3 Rc8 16. c3 Qd7 17. Nxc6 Rxc6 18. Bd4 Bf8 19. b4 Rc4 20. a3 h5 21. g4 hxg4 22. hxg4 Qd8 23. Kg2 Be7 24. Rh1 Rxh1 25. Rxh1 Kd7 26. Rh7 Qg8 27. Qh3 Rc8 28. Kf2 a5 29. Ke3 axb4 30. axb4 Ra8 31. Qh6 Bf8 32. Qh1 Be7 33. Rh2 Qc8 34. Qf1 Qc6 35. Rh7 Bxb4 36. f5 Bc5 37. fxe6+ Kc7 38. Rxf7+ Kb6 39. Qb1+ Ka7 40. Qb4 Bxd4+ 41. Qxd4+ Ka6 42. Rd7 b6 43. Rd6 Qb5 44. Rxd5 Qb1 45. Qa4+ Kb7 46. Rd7+ 1-0

[Event "GBR-ch 99th"]
[Site "North Shields"]
[Date "2012.07.24"]
[Round "2"]
[White "Tambini, Jasper"]
[Black "Walker, Nicholas P"]
[Result "0-1"]
[WhiteElo "1958"]
[BlackElo "2179"]
[PlyCount "100"]
[EventDate "2012.07.23"]
[EventType "swiss"]
[EventRounds "11"]
[EventCountry "ENG"]
[SourceTitle "CBM 149 Extra"]
[Source "ChessBase"]
[SourceDate "2012.08.24"]
[SourceVersion "1"]
[SourceVersionDate "2012.08.24"]
[SourceQuality "1"]

1. e4 Nc6 2. Nf3 e5 3. Bb5 Nd4 4. Nxd4 exd4 5. 0-0 Bc5 6. d3 c6 7. Bc4 d5 8. exd5 cxd5 9. Bb5+ Kf8 10. Ba4 Ne7 11. Nd2 a6 12. h3 Be6 13. Nf3 b5 14. Bb3 h6 15. Bf4 Rg8 16. Bh2 Nf5 17. Be5 f6 18. Bh2 g5 19. g4 Ne7 20. Nd2 a5 21. a4 b4 22. Ne4 Bxg4 23. hxg4 dxe4 24. Bxg8 Kxg8 25. dxe4 Ng6 26. Qd3 Bd6 27. e5 Nxe5 28. Bxe5 Bxe5 29. Qg6+ Kf8 30. Qxh6+ Kf7 31. Qh7+ Ke6 32. Rae1 Qd5 33. f4 gxf4 34. Rxf4 Kd6 35. Rf5 Rg8 36. Qh3 d3 37. Qxd3 Rxg4+ 38. Kf1 Qxd3+ 39. cxd3 b3 40. Re4 Rxe4 41. dxe4 Kc5 42. Rf2 Kb4 43. Rd2 Kxa4 44. Ke2 Kb4 45. Kd1 a4 46. Re2 Bxb2 47. e5 fxe5 48. Re4+ Bd4 49. Kc1 a3 50. Re2 a2 0-1

[Event "British Universities-ch"]
[Site "High Wycombe"]
[Date "2012.02.25"]
[Round "1"]
[White "Tambini, Jasper"]
[Black "Khandelwal, Ankush"]
[Result "0-1"]
[WhiteElo "1924"]
[BlackElo "2219"]
[PlyCount "76"]
[EventDate "2012.02.25"]
[EventType "team-swiss"]
[EventRounds "5"]
[EventCountry "ENG"]
[SourceTitle "CBM 147 Extra"]
[Source "ChessBase"]
[SourceDate "2012.04.24"]
[SourceVersion "1"]
[SourceVersionDate "2012.04.24"]
[SourceQuality "1"]
[WhiteTeam "Southampton"]
[BlackTeam "Warwicks Select"]
[WhiteTeamCountry "ENG"]
[BlackTeamCountry "ENG"]

1. e4 e5 2. Nf3 Nc6 3. Bb5 Bc5 4. 0-0 Nf6 5. c3 0-0 6. d4 Bb6 7. Re1 d6 8. h3 Bd7 9. d5 Ne7 10. Bxd7 Nxd7 11. g4 Ng6 12. Be3 Nf4 13. Bxf4 exf4 14. Qd2 Ne5 15. Kg2 Nxf3 16. Kxf3 Qh4 17. Rh1 Rae8 18. Na3 Be3 19. Qe1 Qe7 20. Qb1 f5 21. gxf5 Rxf5 22. Qd3 Qh4 23. Rh2 Rfe5 24. Rg1 Bxf2 25. Rg4 Qe7 26. Rxf2 Rxe4 27. Kg2 Re3 28. Qd4 h5 29. Rg6 Qf7 30. Rg5 R8e4 31. Qd1 f3+ 32. Kh1 Re1+ 33. Qxe1 Rxe1+ 34. Kh2 Qf4+ 35. Rg3 h4 36. Rfxf3 hxg3+ 37. Kg2 Re2+ 38. Kg1 Qxf3 0-1

[Event "GBR-ch 97th"]
[Site "Canterbury"]
[Date "2010.08.04"]
[Round "9"]
[White "Krzyzanowski, Patryk"]
[Black "Tambini, Jasper"]
[Result "0-1"]
[WhiteElo "2030"]
[BlackElo "1890"]
[PlyCount "138"]
[EventDate "2010.07.26"]
[EventType "swiss"]
[EventRounds "11"]
[EventCountry "ENG"]
[SourceTitle "CBM 137 Extra"]
[Source "ChessBase"]
[SourceDate "2010.09.01"]
[SourceVersion "1"]
[SourceVersionDate "2010.09.01"]
[SourceQuality "1"]

1. d4 d5 2. c4 e6 3. Nc3 Nf6 4. cxd5 exd5 5. Bg5 Be7 6. e3 0-0 7. Bd3 h6 8. Bh4 c6 9. Qc2 Be6 10. Nge2 Re8 11. 0-0 Nbd7 12. Nf4 Nf8 13. Nxe6 Nxe6 14. Bf5 Nd7 15. Bg3 Rc8 16. Rfc1 Bf8 17. f3 Nf6 18. Qf2 g6 19. Bd3 c5 20. Be5 Nd7 21. Bg3 cxd4 22. exd4 Nxd4 23. Nxd5 Rxc1+ 24. Rxc1 Qg5 25. Nf4 Bc5 26. Kf1 Nb3 27. Re1 Bxf2 28. Rxe8+ Kg7 29. Kxf2 Qc5+ 30. Kf1 Qc1+ 31. Be1 Nbc5 32. Ne2 Qd1 33. Bb5 Nf6 34. Rc8 Nd3 35. Bxd3 Qxd3 36. Bc3 g5 37. Kf2 Kg6 38. Ng3 h5 39. h4 gxh4 40. Ne2 Qf5 41. Rc4 Ng4+ 42. Ke1 Ne3 43. Nf4+ Qxf4 44. Rxf4 Nxg2+ 45. Kf1 Nxf4 46. Be5 Kf5 47. Bd6 Nd3 48. b4 Ne5 49. Kg2 f6 50. Be7 h3+ 51. Kg3 h2 52. Kxh2 Nxf3+ 53. Kg3 Ne5 54. Bc5 a6 55. Kh4 Kg6 56. a4 f5 57. Bd6 Nd3 58. Kg3 f4+ 59. Kf3 Kf5 60. b5 axb5 61. axb5 Ne5+ 62. Kf2 Ke4 63. b6 Nd3+ 64. Ke2 h4 65. Kf1 h3 66. Kg1 Kf3 67. Kh2 Kg4 68. Kg1 Kg3 69. Kh1 Nf2+ 0-1